000 01272cam a2200325 i 4500
001 44348
003 Mx-PuUPA
005 20250313085502.0
008 140415s1967 sp ae gr 000 0 spa d
017 _aM. 8324 - 1967
040 _aMx-PuUPA
_bspa
_cMx-PuUPA
_dMx-PuUPA
_erda
041 1 _aspa
_hger
100 1 _aLeonhardt, Fritz,
_eautor
240 1 0 _aSpannbeton für die praxis,
_lEspañol
245 1 0 _aHormigon pretensado /
_cpor el Dr. ing. Fritz Leonhardt ; traducción por Alberto Corral
264 1 _aMadrid :
_bInstituto Eduardo Torroja de la Construcción y del Cemento,
_c1967
300 _axxvii, 762 páginas :
_bilustraciones, planos (en blanco y negro) ;
_c27 cm
336 _2rdacontent
_atexto
_btxt
336 _2rdacontent
_aimagen fija
_bsti
337 _2rdamedia
_asin medio
_bn
338 _2rdacarrier
_avolumen
_bnc
650 7 _2armarc
_aSistema de anclaje
_xDeformaciones
650 7 _aDiseño estructural
_xIngeniería civil
650 7 _aConcreto presforzado
_xMateriales de construcción
700 1 _aCorral, Alberto,
_etraductor
765 0 _aLeonhardt, Fritz,
_dBerlin : Wilhelm Ernst & Sohn, 1967
_tSpannbeton für die praxis,
942 _2ddc
_cLI
_h690.05
_iL57
999 _c44348
_d44348